| 000 | 00491nam a2200169 4500 | ||
|---|---|---|---|
| 001 | 18186 | ||
| 005 | 20230410121143.0 | ||
| 008 | 060907n1987 dr spa | ||
| 035 | _9funglode18332 | ||
| 041 | _aES | ||
| 050 | 1 | 4 | _aJX 1393 P979i 1987 |
| 100 | _aPuig, Juan Carlos | ||
| 245 | 1 |
_aIntegración latinoaméricana y regimen internacional / _cJuan Carlos Puig |
|
| 260 |
_aCarcas, Venezuela : _bUniversidad Simon Bolivar, _c1987 |
||
| 300 | _axii, 408 p. | ||
| 942 |
_2lcc _cbk |
||
| 999 |
_c59004 _d59004 |
||